Disney Animated Movies with Place Names in the Title - Statistics

General Stats
  • This quiz has been taken 73 times
  • The average score is 7 of 11
Answer Stats
Year Disney Movie % Correct
2016 Zootopia
78%
2025 Zootopia 2
72%
1996 The Hunchback of Notre Dame
69%
1967 The Jungle Book
69%
2001 Atlantis: The Lost Empire
66%
1990 The Rescuers Down Under
66%
1951 Alice in Wonderland
63%
2018 Ralph Breaks the Internet
59%
2004 Home on the Range
56%
2002 Treasure Planet
56%
2022 Strange World
53%
No matching quizzes found
Score Distribution
Percent of People with Each Score
Percentile by Number Answered
Your Score History
You have not taken this quiz